[Event "Backa Topola-ch"]
[Site "Backa Topola"]
[Date "2011.11.23"]
[Round "6"]
[White "Golupski, Vladislav"]
[Black "Toth, Peter P"]
[Result "1/2-1/2"]
[WhiteElo "1908"]
[BlackElo "1712"]
[PlyCount "57"]
[EventDate "2011.11.11"]
[EventType "swiss"]
[EventRounds "9"]
[EventCountry "SRB"]
[SourceTitle "CBM 145 Extra"]
[Source "ChessBase"]
[SourceDate "2012.01.03"]
[SourceVersion "1"]
[SourceVersionDate "2012.01.03"]
[SourceQuality "1"]

1. e4 d5 2. exd5 Nf6 3. d4 Nxd5 4. Nf3 e6 5. Bd3 c5 6. 0-0 cxd4 7. Nxd4 Be7 8. a3 Nf6 9. Nc3 0-0 10. Bf4 a6 11. Re1 Nbd7 12. Qd2 Nc5 13. Bf1 b5 14. b4 Nb7 15. Rad1 Qb6 16. Be3 Qc7 17. Bf4 Bd6 18. Ncxb5 axb5 19. Nxb5 Bxf4 20. Nxc7 Bxd2 21. Nxa8 Bxe1 22. Rxe1 Nd6 23. c4 Bb7 24. Nb6 Nde4 25. Rd1 h6 26. a4 Rb8 27. a5 Ne8 28. f3 N4f6 29. b5 1/2-1/2

[Event "Backa Topola-ch"]
[Site "Backa Topola"]
[Date "2010.12.03"]
[Round "8"]
[White "Music, Nemanja"]
[Black "Toth, Peter P"]
[Result "1-0"]
[WhiteElo "1811"]
[BlackElo "1679"]
[PlyCount "71"]
[EventDate "2010.11.17"]
[EventType "swiss"]
[EventRounds "9"]
[EventCountry "SRB"]
[SourceTitle "EXT 2019"]
[Source "ChessBase"]
[SourceDate "2018.10.10"]
[SourceVersion "1"]
[SourceVersionDate "2018.10.10"]
[SourceQuality "1"]

1. d4 Nf6 2. Nf3 d5 3. g3 Bg4 4. Nbd2 e6 5. Bg2 h6 6. b3 c5 7. e3 Nc6 8. Bb2 cxd4 9. exd4 Bd6 10. 0-0 0-0 11. h3 Bh5 12. g4 Bg6 13. Ne5 Bh7 14. a3 Rc8 15. Rc1 Nd7 16. Qe2 Bb8 17. c4 Ncxe5 18. dxe5 dxc4 19. Nxc4 b5 20. Nd6 Rxc1 21. Rxc1 Bxd6 22. exd6 Qb8 23. Rc7 Nf6 24. Qe5 Rd8 25. Bc6 b4 26. a4 Rc8 27. Bd4 Rf8 28. Bxa7 Qd8 29. Bc5 Nd5 30. Bxd5 exd5 31. Qxd5 Qf6 32. d7 Rd8 33. Rc8 Bc2 34. Rxd8+ Qxd8 35. Bb6 Qf6 36. d8Q+ 1-0

[Event "Backa Topola-ch"]
[Site "Backa Topola"]
[Date "2010.11.17"]
[Round "1"]
[White "Toth, Peter P"]
[Black "Zlatic, Milan"]
[Result "1/2-1/2"]
[WhiteElo "1679"]
[BlackElo "2086"]
[PlyCount "129"]
[EventDate "2010.11.17"]
[EventType "swiss"]
[EventRounds "9"]
[EventCountry "SRB"]
[SourceTitle "EXT 2019"]
[Source "ChessBase"]
[SourceDate "2018.10.10"]
[SourceVersion "1"]
[SourceVersionDate "2018.10.10"]
[SourceQuality "1"]

1. Nf3 c5 2. d4 Nf6 3. d5 b5 4. Bg5 Ne4 5. Qd3 Qa5+ 6. c3 f5 7. Nbd2 Nxd2 8. Bxd2 d6 9. e3 c4 10. Qc2 g6 11. b3 Bg7 12. bxc4 bxc4 13. Bxc4 Ba6 14. Bb3 0-0 15. Rb1 Nd7 16. c4 Qc7 17. Ng5 Nc5 18. Bb4 h6 19. Bxc5 hxg5 20. Bb4 Rab8 21. Bd2 Rbc8 22. Rc1 Qc5 23. 0-0 g4 24. Kh1 Rc7 25. e4 f4 26. e5 Rf5 27. exd6 exd6 28. Qe4 Be5 29. g3 fxg3 30. fxg3 Rcf7 31. Rxf5 gxf5 32. Qd3 Qd4 33. Qxd4 Bxd4 34. Bf4 Bc5 35. Re1 Bc8 36. Kg2 Bd7 37. Re2 Kg7 38. Bd2 Bd4 39. Bb4 Bc5 40. Bc3+ Kf8 41. Bc2 f4 42. gxf4 Rxf4 43. Bh7 Rxc4 44. Bf6 Rc1 45. Kg3 Kf7 46. Bd8 Rc3+ 47. Kg2 Rc1 48. Kg3 Rc3+ 49. Kf4 Rf3+ 50. Kg5 Be3+ 51. Kh5 Rh3+ 52. Bh4 Kg7 53. Be4 Bd4 54. Bg2 Re3 55. Rxe3 Bxe3 56. Bg3 Bc5 57. Kg5 Be3+ 58. Kh5 Bc5 59. Bf1 Bf5 60. a4 Bc2 61. a5 Be4 62. Bc4 Bf3 63. Kg5 Bd1 64. Kf5 Kf7 65. a6 1/2-1/2